| 000 | 00995nam a22003011 4500 | ||
|---|---|---|---|
| 001 | 13910 | ||
| 003 | BD-RjUL | ||
| 005 | 20211208235533.0 | ||
| 008 | 140203t1965 nyu b 001 0 eng | ||
| 035 | _a(BD-RjUL)13962 | ||
| 040 |
_aDLC/ICU _cICU _dDLC _dBD-RjUL _beng |
||
| 041 | _aeng | ||
| 082 | 0 | 0 |
_a547.355 _216 _bAST 1965 |
| 100 | 1 |
_aAshworth, M. R. F. _q(Michael Raymond Frederick) _931300 |
|
| 245 | 1 | 0 |
_aTitrimetric organic analysis / _c[by] M.R.F. Ashworth. _nPart II : _pIndirect Methods |
| 260 |
_aNew York : _bInterscience Publishers, _cc1965. |
||
| 300 |
_aV-2 (xix, 1023 p.) ; _c24 cm. |
||
| 490 | 1 |
_aChemical analysis, _vv. 15 |
|
| 504 | _aIncludes bibliographical reference and index. | ||
| 505 | 0 | _apt. 1. Direct methods.--pt. 2. Indirect methods. | |
| 650 | 0 |
_aVolumetric analysis. _915221 |
|
| 650 | 0 |
_aChemistry, Organic. _943471 |
|
| 830 | 0 |
_vv. 15. _943475 |
|
| 830 | 0 |
_aChemical analysis ; _943476 |
|
| 942 |
_2ddc _cBK |
||
| 999 |
_c13910 _d13910 |
||